Music Quiz

Random Music or Album Quiz

Eliza Doolittle's 'In Your Hands' Quiz Stats

 Plays Quiz not verified by Sporcle

Support Sporcle.
Go Orange.
Score 0/13 Timer 03:00
0 Plays Today
Number Song Title % Correct
4Let It Rain
87.5%
7In Your Hands
87.5%
6Walking on Water
87.5%
8Checkmate
87.5%
12Big When I Was Little
87.5%
2Back Packing
75%
1Waste of Time
75%
3Hush
75%
5No Man Can
75%
10Make Up Sex
75%
13Euston Road
75%
9Team Player
62.5%
11Don't Call It Love
62.5%

You're not logged in!

Compare scores with friends on all Sporcle quizzes.
OR
Log In

From the Vault

Clickable Hits of the 2000s

by the_hmh_project

The 2000s were just a few years ago, but we've already forgotten everything about them.
Remove Ads.
Support Sporcle.
Get the best of Sporcle when you Go Orange. This ad-free experience offers more features, more stats, and more fun while also helping to support Sporcle. Thank you for becoming a member.

Show Comments

Extras

Created Jan 21, 2014SourceReportNominate
Tags:Album Quiz

Top Quizzes Today


Score Distribution

Your Account Isn't Verified!

In order to create a playlist on Sporcle, you need to verify the email address you used during registration. Go to your Sporcle Settings to finish the process.

Report this User

Report this user for behavior that violates our Community Guidelines.

Details: